MARC details
| 000 -CABECERA |
| campo de control de longitud fija |
01582nam a2200313 i 4500 |
| 003 - IDENTIFICADOR DEL NÚMERO DE CONTROL |
| campo de control |
DO-SdBNP |
| 005 - FECHA Y HORA DE LA ÚLTIMA TRANSACCIÓN |
| campo de control |
20230922115353.0 |
| 007 - CAMPO FIJO DE DESCRIPCIÓN FÍSICA--INFORMACIÓN GENERAL |
| campo de control de longitud fija |
ta |
| 008 - DATOS DE LONGITUD FIJA--INFORMACIÓN GENERAL |
| campo de control de longitud fija |
110413s2023 dr d 000 j spa d |
| 020 ## - NÚMERO INTERNACIONAL ESTÁNDAR DEL LIBRO |
| Número Internacional Estándar del Libro |
9789945587302 |
| 040 ## - FUENTE DE LA CATALOGACIÓN |
| Centro catalogador/agencia de origen |
DO-SdBNP |
| Lengua de catalogación |
spa |
| Centro/agencia transcriptor |
BNPHU |
| Normas de descripción |
rda |
| 082 ## - NÚMERO DE LA CLASIFICACIÓN DECIMAL DEWEY |
| Número de documento/Ítem |
B742r |
| Número de edición |
22 |
| 100 ## - ENTRADA PRINCIPAL--NOMBRE DE PERSONA |
| Nombre de persona |
Bosch Carcuro, Matías |
| Fechas asociadas al nombre |
1977- |
| 9 (RLIN) |
78616 |
| 245 10 - MENCIÓN DE TÍTULO |
| Título |
Radiografía del trabajo y los salarios en República Dominicana 2021-2023 : |
| Resto del título |
análisis y perspectivas para el debate sobre desarrollo, bienestar y justicia social / |
| Mención de responsabilidad, etc. |
Matías Bosch Carcuro, Francisco A. Tavárez Vásquez, Perla Massiel Rosario Fabián |
| 264 #1 - PRODUCCIÓN, PUBLICACIÓN, DISTRIBUCIÓN, FABRICACIÓN Y COPYRIGHT |
| Producción, publicación, distribución, fabricación y copyright |
Santo Domingo : |
| Nombre del de productor, editor, distribuidor, fabricante |
Universidad Autónoma de Santo Domingo, |
| -- |
Fundación Juan Bosch, |
| Fecha de producción, publicación, distribución, fabricación o copyright |
2023. |
| 300 ## - DESCRIPCIÓN FÍSICA |
| Extensión |
93 páginas |
| Dimensiones |
28 cm. |
| Otras características físicas |
graficas |
| 336 ## - TIPO DE CONTENIDO |
| Fuente |
rdacontent |
| Término de tipo de contenido |
texto |
| Código de tipo de contenido |
txt |
| 337 ## - TIPO DE MEDIO |
| Fuente |
rdamedia |
| Nombre/término del tipo de medio |
sin mediación |
| Código del tipo de medio |
n |
| 338 ## - TIPO DE SOPORTE |
| Fuente |
rdacarrier |
| Nombre/término del tipo de soporte |
volumen |
| Código del tipo de soporte |
nc |
| 500 ## - NOTA GENERAL |
| Nota general |
Incluye breve biografía de los autores en la página 4. |
| 500 ## - NOTA GENERAL |
| Nota general |
Incluye índice de gráficos y cuadros. |
| 504 ## - NOTA DE BIBLIOGRAFÍA, ETC. |
| Nota de bibliografía, etc. |
Bibliografía p: 91-93 |
| 505 2# - NOTA DE CONTENIDO CON FORMATO |
| Título |
Presentación -- |
| -- |
Introducción -- |
| -- |
Definiciones necesarias -- |
| -- |
Crecimiento, trabajo y salario -- |
| -- |
El empleo en República Dominicana -- |
| -- |
Ganadores y perdedores -- |
| -- |
Pobreza en el éxito -- |
| -- |
Análisis de los ajustes salariales en el periodo julio 2021 - febrero 2023 -- |
| -- |
Conclusiones -- |
| -- |
Recursos bibliográficos / |
| 590 ## - NOTA LOCAL (RLIN) |
| Nota local |
Inventariado, 2023/ YL |
| 700 12 - PUNTO DE ACCESO ADICIONAL--NOMBRE DE PERSONA |
| Nombre de persona |
Tavárez Vásquez, Francisco A. |
| Término indicativo de función/relación |
autor |
| 9 (RLIN) |
84163 |
| 700 12 - PUNTO DE ACCESO ADICIONAL--NOMBRE DE PERSONA |
| Nombre de persona |
Rosario Fabián, Perla Massiel |
| Término indicativo de función/relación |
autora |
| 9 (RLIN) |
84164 |
| 910 ## - DATOS DE OPCIÓN DEL USUARIO (OCLC) |
| Datos de opción del usuario |
YLockward |
| 942 ## - ELEMENTOS DE PUNTO DE ACCESO ADICIONAL (KOHA) |
| Fuente del sistema de clasificación o colocación |
Dewey Decimal Classification |
| Tipo de ítem Koha |
Libro |